Welcome to the Holygrace Academy Library

Please use search bar below to get started

CLASSIC SHORT STORIES (Record no. 3489)

MARC details
000 -LEADER
fixed length control field 00283nam a22001217a 4500
082 ## - DEWEY DECIMAL CLASSIFICATION NUMBER
Classification number 823
Item number REA/C
100 ## - MAIN ENTRY--AUTHOR NAME
Personal name TOLSTOY,LEO, MANUPASSANT,GUY DE
245 ## - TITLE STATEMENT
Title CLASSIC SHORT STORIES
260 ## - PUBLICATION, DISTRIBUTION, ETC. (IMPRINT)
Place of publication MUMBAI
Name of publisher READER'S DIGEST
300 ## - PHYSICAL DESCRIPTION
Number of Pages 191
650 ## - SUBJECT ADDED ENTRY--TOPICAL TERM
Topical Term SHORT STORY
Geographic subdivision MUMBAI
942 ## - ADDED ENTRY ELEMENTS (KOHA)
Koha item type Books
Holdings
Withdrawn status Lost status Collection code Home library Current library Shelving location Date acquired Source of acquisition Full call number Accession Number Koha item type
    Fiction Main Library Main Library SHELF 16-A- ENGLISH LITERATURE COLLECTION OF WORKS 06/11/2012 PURCHASE 823 REA/C 06465 Books